[Event "Copenhagen K41 Aabent-ch 0506"]
[Site "Copenhagen"]
[Date "2006.02.14"]
[Round "8"]
[White "Krogh, Soren"]
[Black "Nielsen, Richard Hjort"]
[Result "1-0"]
[WhiteElo "1288"]
[BlackElo "1336"]
[PlyCount "97"]
[EventDate "2005.11.15"]
[EventType "swiss"]
[EventRounds "9"]
[EventCountry "DEN"]
[SourceTitle "EXT 2023"]
[Source "ChessBase"]
[SourceDate "2022.10.05"]
[SourceVersion "1"]
[SourceVersionDate "2022.10.05"]
[SourceQuality "1"]

1. d4 Nf6 2. c4 e6 3. Nc3 Bb4 4. Bg5 Be7 5. Nf3 0-0 6. e3 d5 7. Bd3 Nbd7 8. 0-0 b6 9. Rc1 Bb7 10. a3 dxc4 11. Bxc4 Ne4 12. Bxe7 Qxe7 13. b4 Nxc3 14. Rxc3 Qf6 15. Qe2 Bxf3 16. Qxf3 Qxf3 17. gxf3 a6 18. Rfc1 c5 19. Be2 cxd4 20. exd4 Nf6 21. Rc7 Nd5 22. Rb7 Nf4 23. Bf1 Rfc8 24. Rxc8+ Rxc8 25. Rxb6 h6 26. Rxa6 Rc1 27. b5 Ne2+ 28. Kg2 Nxd4 29. b6 Rb1 30. a4 Rb3 31. a5 Nxf3 32. Ra8+ Kh7 33. Ba6 Nh4+ 34. Kg1 Rb1+ 35. Bf1 Nf3+ 36. Kg2 Nh4+ 37. Kg3 Nf5+ 38. Kg2 Nh4+ 39. Kh3 Rb4 40. Rb8 Nf5 41. a6 Rb3+ 42. Kg2 Nh4+ 43. Kh1 Rb1 44. Kg1 Nf3+ 45. Kg2 Nd2 46. a7 Ra1 47. a8Q Rxa8 48. Rxa8 Nc4 49. b7 1-0

[Event "Faxe EMT"]
[Site "Faxe"]
[Date "2005.05.18"]
[Round "7"]
[White "Wehlast, Svend Erik"]
[Black "Nielsen, Richard Hjort"]
[Result "1/2-1/2"]
[WhiteElo "1479"]
[BlackElo "1372"]
[PlyCount "95"]
[EventDate "2005.03.30"]
[EventType "swiss"]
[EventRounds "7"]
[EventCountry "DEN"]
[SourceTitle "EXT 2023"]
[Source "ChessBase"]
[SourceDate "2022.10.05"]
[SourceVersion "1"]
[SourceVersionDate "2022.10.05"]
[SourceQuality "1"]

1. d4 Nf6 2. Nf3 g6 3. b3 Bg7 4. Bb2 d6 5. e3 0-0 6. Nbd2 b6 7. h3 Bb7 8. Be2 Nbd7 9. 0-0 c5 10. c3 Rc8 11. Rc1 e5 12. dxe5 Nxe5 13. Nxe5 dxe5 14. c4 Re8 15. Nf3 Qc7 16. Nh2 Rcd8 17. Qe1 Qc6 18. f3 e4 19. f4 Rd7 20. Bc3 Red8 21. Rd1 Rxd1 22. Bxd1 a6 23. Be2 b5 24. g4 b4 25. Bxf6 Bxf6 26. g5 Bc3 27. Qg3 Rd2 28. Rf2 Rxa2 29. Ng4 Be1 30. Nf6+ Kf8 31. Nxh7+ Ke7 32. Nf6 Bxf2+ 33. Kxf2 Qd6 34. Qg4 Rxe2+ 35. Kxe2 Qd3+ 36. Kf2 Qd2+ 37. Kf1 Qd3+ 38. Kf2 Qd2+ 39. Qe2 Qxe2+ 40. Kxe2 Bc6 41. Kd2 a5 42. Kc1 Kd6 43. h4 Ke6 44. h5 gxh5 45. Nxh5 Kf5 46. Nf6 a4 47. Ng8 Ke6 48. Kb2 1/2-1/2

[Event "Faxe EMT"]
[Site "Faxe"]
[Date "2005.05.11"]
[Round "6"]
[White "Nielsen, Richard Hjort"]
[Black "Lillebro, Verner"]
[Result "1-0"]
[WhiteElo "1372"]
[BlackElo "1194"]
[PlyCount "84"]
[EventDate "2005.03.30"]
[EventType "swiss"]
[EventRounds "7"]
[EventCountry "DEN"]
[SourceTitle "EXT 2023"]
[Source "ChessBase"]
[SourceDate "2022.10.05"]
[SourceVersion "1"]
[SourceVersionDate "2022.10.05"]
[SourceQuality "1"]

1. e4 c5 2. Nf3 e6 3. Nc3 g6 4. Bc4 Bg7 5. d4 cxd4 6. Nxd4 Qb6 7. Ndb5 Bxc3+ 8. bxc3 d5 9. Be3 Qc6 10. exd5 exd5 11. Qxd5 Na6 12. Qxf7+ Kd8 13. Qf8+ Qe8 14. Rd1+ Bd7 15. Qg7 Ne7 16. 0-0 Nc7 17. Nd6 Qf8 18. Nf7+ Kc8 19. Qxh8 Qxh8 20. Nxh8 b6 21. Nf7 Nf5 22. Nd6+ Kb8 23. Nxf5 Bxf5 24. Rd8+ Kb7 25. Rxa8 Kxa8 26. Bf4 Kb7 27. Bxc7 Kxc7 28. Bd3 Be6 29. h3 a5 30. a3 Kd6 31. Re1 Kd7 32. c4 Kd6 33. c3 Kd7 34. Re5 Kd6 35. f4 g5 36. Rxg5 Bf7 37. Bxh7 Bxc4 38. f5 Ke5 39. Rg6 b5 40. Ra6 a4 41. Rb6 Bd3 42. f6 Bxh7 1-0

[Event "Faxe EMT"]
[Site "Faxe"]
[Date "2005.03.30"]
[Round "1"]
[White "Andersen, Bjarne Hjorth"]
[Black "Nielsen, Richard Hjort"]
[Result "1-0"]
[WhiteElo "1789"]
[BlackElo "1372"]
[PlyCount "39"]
[EventDate "2005.03.30"]
[EventType "swiss"]
[EventRounds "7"]
[EventCountry "DEN"]
[SourceTitle "EXT 2023"]
[Source "ChessBase"]
[SourceDate "2022.10.05"]
[SourceVersion "1"]
[SourceVersionDate "2022.10.05"]
[SourceQuality "1"]

1. e4 c5 2. Nf3 Nc6 3. d4 cxd4 4. Nxd4 d6 5. Nc3 g6 6. Be3 Bg7 7. Qd2 Nf6 8. f3 0-0 9. 0-0-0 Bd7 10. g4 Rc8 11. h4 Qa5 12. Nb3 Qd8 13. h5 Ne8 14. hxg6 hxg6 15. Qh2 Nf6 16. Bh6 Nxg4 17. fxg4 Be5 18. Bf4 Bxf4+ 19. Qxf4 e5 20. Qh6 1-0

[Event "Taastrup op"]
[Site "Taastrup"]
[Date "2001.02.17"]
[Round "9"]
[White "Nielsen, Richard Hjort"]
[Black "Sandbech, Ted Henrik"]
[Result "1/2-1/2"]
[WhiteElo "1453"]
[BlackElo "1691"]
[PlyCount "150"]
[EventDate "2001.01.19"]
[EventType "swiss"]
[EventRounds "9"]
[EventCountry "DEN"]
[SourceTitle "EXT 2018"]
[Source "ChessBase"]
[SourceDate "2017.10.13"]
[SourceVersion "1"]
[SourceVersionDate "2017.10.13"]
[SourceQuality "1"]

1. e4 d5 2. exd5 Qxd5 3. Nc3 Qa5 4. Nf3 Bg4 5. Be2 c6 6. 0-0 Nf6 7. d3 e6 8. Bd2 Qc7 9. Ne4 Nxe4 10. dxe4 Be7 11. Bc3 0-0 12. Nd4 Bxe2 13. Qxe2 Nd7 14. Nf3 e5 15. Rad1 Rad8 16. Rd2 f6 17. Qc4+ Kh8 18. Rfd1 Nb6 19. Qe6 Rxd2 20. Rxd2 Rd8 21. Qf7 Bd6 22. Qxc7 Bxc7 23. Rxd8+ Bxd8 24. Ba5 Kg8 25. c4 Be7 26. Bxb6 axb6 27. b3 Kf7 28. Kf1 Ke6 29. Ke2 Ba3 30. Nd2 Kd6 31. Nb1 Bc1 32. Nc3 Kc5 33. Na4+ Kb4 34. Nxb6 Ka3 35. Kd1 Bb2 36. f3 Kxa2 37. Kc2 Bd4 38. Nd7 Bg1 39. h3 Ka3 40. Nf8 h5 41. Ne6 g6 42. Nd8 b5 43. Nxc6 bxc4 44. bxc4 Bc5 45. Kd3 Kb3 46. Na5+ Kb4 47. Nc6+ Ka4 48. Kc3 Ka3 49. Kd3 Kb3 50. Nd8 Be7 51. Nc6 Bc5 52. Nb8 Be7 53. Na6 Ka4 54. Kc3 Ka5 55. Nc7 Bc5 56. Nd5 f5 57. exf5 gxf5 58. g4 fxg4 59. fxg4 hxg4 60. hxg4 Bf8 61. Kd3 Ka4 62. g5 Bg7 63. Nf6 Kb4 64. Nh5 Bf8 65. g6 e4+ 66. Kxe4 Kxc4 67. Nf6 Bh6 68. Kf5 Kc5 69. Ke6 Bg7 70. Kf7 Bh8 71. Nd7+ Kb5 72. Nf8 Ka4 73. Ne6 Ka5 74. Kg8 Bc3 75. Kh7 Kb4 1/2-1/2

[Event "Taastrup op"]
[Site "Taastrup"]
[Date "2001.01.19"]
[Round "1"]
[White "Karlsen, Arne"]
[Black "Nielsen, Richard Hjort"]
[Result "1-0"]
[WhiteElo "2017"]
[BlackElo "1453"]
[PlyCount "91"]
[EventDate "2001.01.19"]
[EventType "swiss"]
[EventRounds "9"]
[EventCountry "DEN"]
[SourceTitle "EXT 2018"]
[Source "ChessBase"]
[SourceDate "2017.10.13"]
[SourceVersion "1"]
[SourceVersionDate "2017.10.13"]
[SourceQuality "1"]

1. e4 c5 2. Nf3 Nc6 3. Bb5 d6 4. 0-0 Bd7 5. c3 Nf6 6. Re1 g6 7. d4 cxd4 8. cxd4 Bg7 9. Nc3 a6 10. Bc4 0-0 11. e5 dxe5 12. dxe5 Ng4 13. Bf4 b5 14. Bd5 Qb6 15. Qe2 e6 16. Be4 Rac8 17. Bxc6 Bxc6 18. h3 Nh6 19. Be3 Qb7 20. Nh4 Nf5 21. Nxf5 exf5 22. f4 b4 23. Nd1 Be4 24. Qf2 Rc2 25. Re2 Rfc8 26. Rd2 Rxd2 27. Qxd2 Rc2 28. Qd8+ Bf8 29. Bf2 Rc8 30. Qg5 h6 31. Qg3 Rc2 32. Ne3 Rxb2 33. e6 Rb1+ 34. Rxb1 Bxb1 35. Nc4 Bxa2 36. exf7+ Kh7 37. Ne5 Bxf7 38. Bd4 Qd5 39. Bb2 Bc5+ 40. Kh2 Qd2 41. Nxf7 Qxb2 42. Ne5 g5 43. Qd3 Bg1+ 44. Kh1 Qc1 45. Qxf5+ Kg7 46. Qf7+ 1-0